000 00801nas a2200253 i 4500
001 985
003 ES-MaACL
005 20250403154102.0
007 t|
008 950801d1938 ve | | 1 |spa d
080 _a32
110 1 _aVenezuela.
_bCámara de diputados.
_9174752
245 0 0 _aDiario de debates de la Cámara de Diputados de la República de Venezuela.
260 _aCaracas :
_b[s.n.],
_c[1938-] (
_fImp. Nacional)
300 _a9 v. ;
_c30 cm.
310 _aDiaria
362 0 _aMes 1, n. 1 (22 de abril de 1938)-
651 4 _aVenezuela-
_xPolítica y gobierno-
_y1958-1988.
_99526
655 7 _2tgfbne
_9226866
_aRevistas
852 4 _aES-MaACL
_jHEM-H-129
_dOlim: HEM-1166
_cHEM
866 0 _o1964(1965-1969).
942 _2udc
_cPERIODICA
999 _c985
_d985